000 00402pab a2200157 454500
008 180718b2007 xxu||||| |||| 00| 0 eng d
100 _aPhilip, Prateep V.
245 _aThe purpose of education: shifting the paradigms from existence to excellence
260 _c2007
300 _ap.13-17.
362 _a3 Dec
650 _aEducation
773 _aUniversity News
908 _aN
909 _a76789
999 _c76789
_d76789